| 000 | 00587 a2200169 4500 | ||
|---|---|---|---|
| 020 | _a0471887412 | ||
| 020 | _a9780471887416 | ||
| 082 | 0 | 4 | _a539.7 |
| 090 |
_c751 _d751 |
||
| 100 | 1 | _aHalzen, Francis. | |
| 245 | 1 | 0 |
_aQuarks and leptons : _ban introductory course in modern particle physics / _cFrancis Halzen, Alan D. Martin. |
| 260 |
_a[S.l.] : _bWiley, _c1984. |
||
| 300 |
_a396 p. ; _c23 cm. |
||
| 700 | 1 | _aMartin, Alan D. | |
| 942 |
_aSNS _cBK _k539.7 HAL |
||
| 999 |
_c29378 _d29378 |
||